Nagendra Narayan Choudhurir galpa (Record no. 4011)

MARC details
000 -LEADER
fixed length control field 00549cam a2200193ua 4500
008 - FIXED-LENGTH DATA ELEMENTS--GENERAL INFORMATION
fixed length control field 111220n ii |||gr||||Z||||||asm
040 ## - CATALOGING SOURCE
Transcribing agency MAIN
082 ## - DEWEY DECIMAL CLASSIFICATION NUMBER
Classification number 891.4513
100 1# - MAIN ENTRY--PERSONAL NAME
Personal name Choudhury, Nagendra Narayan,
245 11 - TITLE STATEMENT
Title Nagendra Narayan Choudhurir galpa
Statement of responsibility, etc. by Nagendra Narayan Choudhury
250 ## - EDITION STATEMENT
Edition statement 1st.
260 ## - PUBLICATION, DISTRIBUTION, ETC.
Place of publication, distribution, etc. Jorhat:
Name of publisher, distributor, etc. Assam sahitya sabha,968.
300 ## - PHYSICAL DESCRIPTION
Extent 162p:
Dimensions 23cm.
700 1# - ADDED ENTRY--PERSONAL NAME
Personal name Sarma, Hemanta Kumar,
Relator term
942 ## - ADDED ENTRY ELEMENTS (KOHA)
Koha item type Books
653 ## - INDEX TERM--UNCONTROLLED
Uncontrolled term Assamese short stories
653 ## - INDEX TERM--UNCONTROLLED
Uncontrolled term Nagendra Narayan Choudhurir galpa
Holdings
Withdrawn status Lost status Damaged status Not for loan Home library Current library Shelving location Date acquired Total Checkouts Full call number Barcode Date last seen Copy number Price effective from Koha item type
        Naharkatiya College Library Naharkatiya College Library General Stacks 19/09/2020   891.4513 | CHO 8477 19/09/2020 1 19/09/2020 Books

Naharkatiya College © 2020. All rights reserved.

Powered By